| 000 | 00803nam a22002057a 4500 | ||
|---|---|---|---|
| 999 |
_c5432 _d5432 |
||
| 003 | AR-CdUCM | ||
| 008 | 190312b ||||| |||| 00| 0 spa d | ||
| 040 |
_aMUNICIPALIDAD PROVINCIAL DEL CUSCO _cBIBLIOTECA MUNICIPAL DEL CUSCO |
||
| 082 |
_a101 / _bAF28 |
||
| 100 |
_aAfanásiev, Víctor Grigorevich _916360 |
||
| 245 | _aManual de filosofía / | ||
| 260 |
_aLima : _bEdiciones Populares Los Andes. |
||
| 300 |
_a382 páginas ; _c20 cm. |
||
| 505 | _aContenido: La filosofía como ciencia -- La lucha entre el materialismo y el idealismo en la filosofía pre marxista -- Surgimiento y desarrollo de la filosofía marxista -- La materia y sus formas de existencia ... | ||
| 650 |
_aFilosofía _9395 |
||
| 650 |
_aMarx _94291 |
||
| 650 |
_aMaterialismo _95459 |
||
| 942 |
_2ddc _cLIBROS |
||
| 945 | _admma | ||